A history of the early church. (Record no. 11075)

MARC details
000 -LEADER
fixed length control field 01096cam a22003011 4500
001 - CONTROL NUMBER
control field 10305987
003 - CONTROL NUMBER IDENTIFIER
control field GBCCL
005 - DATE AND TIME OF LATEST TRANSACTION
control field 20251125142430.0
008 - FIXED-LENGTH DATA ELEMENTS--GENERAL INFORMATION
fixed length control field 720817s1961 ohu b 001 0 eng
035 ## - SYSTEM CONTROL NUMBER
System control number 10305987
035 ## - SYSTEM CONTROL NUMBER
System control number (OCoLC)384914
040 ## - CATALOGING SOURCE
Original cataloging agency DLC
Transcribing agency ODaWU
Modifying agency OCoLC
-- ViBlbV
-- PPPSB
-- DLC
082 ## - DEWEY DECIMAL CLASSIFICATION NUMBER
Classification number 270
Item number LIE 1
100 1# - MAIN ENTRY--PERSONAL NAME
Personal name Lietzmann, Hans,
Dates associated with a name 1875-1942.
245 12 - TITLE STATEMENT
Title A history of the early church.
260 ## - PUBLICATION, DISTRIBUTION, ETC.
Place of publication, distribution, etc. Cleveland,
Name of publisher, distributor, etc. World Pub. Co.
Date of publication, distribution, etc. [1961]
300 ## - PHYSICAL DESCRIPTION
Extent 4 v. in 2.
Dimensions 21 cm.
336 ## - CONTENT TYPE
Content type term text
Content type code txt
Source rdacontent
337 ## - MEDIA TYPE
Media type term unmediated
Media type code n
Source rdamedia
338 ## - CARRIER TYPE
Carrier type term volume
Carrier type code nc
Source rdacarrier
490 0# - SERIES STATEMENT
Series statement Meridian books ;
Volume/sequential designation MG26A-B
504 ## - BIBLIOGRAPHY, ETC. NOTE
Bibliography, etc. note Includes bibliographies and indexes.
505 ## - FORMATTED CONTENTS NOTE
Formatted contents note V. 1. The beginnings of the Christian church<br/>V. 2. The founding of the Church Universal<br/>V. 3. From Constantine to Julian<br/>V. 4. The era of the church fathers
650 #0 - SUBJECT ADDED ENTRY--TOPICAL TERM
Topical term or geographic name entry element Church history
Chronological subdivision Primitive and early church, ca. 30-600.
906 ## - LOCAL DATA ELEMENT F, LDF (RLIN)
a 7
b cbc
c oclcrpl
d u
e ncip
f 19
g y-gencatlg
942 ## - ADDED ENTRY ELEMENTS (KOHA)
Source of classification or shelving scheme Dewey Decimal Classification
Koha item type Books
Suppress in OPAC No
Holdings
Withdrawn status Lost status Source of classification or shelving scheme Damaged status Not for loan Home library Current Library Shelving location Date acquired Total checkouts Full call number Barcode Date last seen Date last checked out Copy number Price effective from Koha item type Total renewals
    Dewey Decimal Classification     GRACE BIBLE COLLEGE GRACE BIBLE COLLEGE Church History 2025-11-25 1 270 LIE 017303 2026-02-12 2026-02-05 v.1&2 2025-11-25 Books  
    Dewey Decimal Classification     GRACE BIBLE COLLEGE GRACE BIBLE COLLEGE Church History 2025-11-25 2 270 LIE 017304 2026-02-13 2026-02-10 v.3&4 2025-11-25 Books 1
© Grace Bible College Library 2025